Sentencias y autos del Tribunal Supremo publicados en la Gaceta de Madrid, Sala de lo Civil. (Record no. 178457)
[ view plain ]
| 000 -LEADER | |
|---|---|
| campo de control de longitud fija | 00974nas a2200241 i 4500 |
| 001 - NÚMERO DE CONTROL | |
| campo de control | 178457 |
| 003 - IDENTIFICADOR DE NÚMERO DE CONTROL | |
| campo de control | ES-MaACL |
| 005 - FECHA Y HORA DE LA ÚLTIMA TRANSACCIÓN | |
| campo de control | 20250217134900.0 |
| 008 - DATOS DE LONGITUD FIJA--INFORMACIÓN GENERAL | |
| campo de control de longitud fija | 110530d1903 g| | ||pa d |
| 080 ## - NÚMERO DE LA CLASIFICACIÓN DECIMAL UNIVERSAL | |
| Número de la Clasificación Decimal Universal | 347(460)(094.5) |
| 100 1# - ENTRADA PRINCIPAL--NOMBRE DE PERSONA | |
| Nombre de persona | España |
| Numeración | . Tribunal Supremo |
| -- | . Sala de lo Civil. |
| 9 (RLIN) | 225972 |
| 245 10 - MENCIÓN DEL TÍTULO | |
| Título | Sentencias y autos del Tribunal Supremo publicados en la Gaceta de Madrid, Sala de lo Civil. |
| 260 ## - PUBLICACIÓN, DISTRIBUCIÓN, ETC. | |
| Lugar de publicación, distribución, etc. | Madrid| : |
| Nombre del editor, distribuidor, etc. | Gaceta de Madrid, |
| Fecha de publicación, distribución, etc. | 1903-1908. |
| 300 ## - DESCRIPCIÓN FÍSICA | |
| Extensión | 169 v. ; |
| Dimensiones | 32 cm. |
| 310 ## - PERIODICIDAD ACTUAL | |
| Periodicidad actual | 2 n. al año |
| 362 0# - FECHAS DE PUBLICACIÓN Y/O DESIGNACIÓN SECUENCIAL | |
| Fecha de publicación y/o designación secuencial | T.1 (1903)- t. 2 (1908) |
| 650 ## - PUNTO DE ACCESO ADICIONAL DE MATERIA--TÉRMINO DE MATERIA | |
| Término de materia o nombre geográfico como elemento de entrada | Derecho civil- |
| Subdivisión geográfica | España- |
| Subdivisión general | Jurisprudencia. |
| 9 (RLIN) | 11662 |
| 780 00 - ENLACE A UN TÍTULO/ENTRADA ANTERIOR | |
| Título | Sentencias y autos del Tribunal Supremo publicados en la Gaceta de Madrid desde ... |
| 785 00 - ENTRADA/ENLACE A UN TÍTULO POSTERIOR | |
| Título | Sentencias y autos dictados desde ... y publicados en la Gaceta de Madrid, |
| Lugar, editor y fecha de publicación | 1909, t. 1 (1. semestre)-Ceso ca. 1936 |
| 852 1# - LOCALIZACIÓN | |
| Ubicación | BA |
| Número de control de estantería | Hem-176 |
| 866 #0 - MENCIÓN TEXTUAL DE FONDOS--UNIDAD BIBLIOGRÁFICA BÁSICA | |
| Fondos | 1903-4 (1905-1908) 1909-24 (1925-26) 1927-36 |
| Estatus retirado | Estado de pérdida | Estado de daño | No para préstamo | Colección | Biblioteca de origen | Biblioteca actual | Ubicación en estantería | Fecha de adquisición | Fuente de adquisición | Total de préstamos | Signatura topográfica completa | Código de barras | Visto por última vez | Precio de reemplazo | Tipo de ítem Koha |
|---|---|---|---|---|---|---|---|---|---|---|---|---|---|---|---|
| Periódicos y Revistas | Biblioteca del Ateneo de Madrid | Biblioteca del Ateneo de Madrid | Depósito 1 | 30/05/2011 | Hem-176 | 1187458 | 23/02/2023 | 23/02/2023 | Revista |
